| 000 | 01362nam a2200217Ia 4500 | ||
|---|---|---|---|
| 003 | Ost | ||
| 005 | 20260507075114.0 | ||
| 008 | 260507s9999||||xx |||||||||||||| ||und|| | ||
| 020 | _a9773280373 | ||
| 040 | _cfsecg | ||
| 041 | _aara | ||
| 082 | _a330 | ||
| 100 |
_aعمر، نبيل إسماعيل _eمؤلف |
||
| 245 | 0 |
_aالتكامل الوظيفي للأعمال الإجرائية والإجراءات الموازية : _bدراسة في قانون المرافعات المدنية والتجارية / _c نبيل إسماعيل عمر |
|
| 260 |
_aالاسكندرية: _bدار الجامعة الجديدة للنشر, _c2001 |
||
| 300 |
_a84 صفحة؛ _c24 سم |
||
| 490 | _aالمكتبة القانونية | ||
| 520 | _aمفهوم التكامل الوظيفي في قانون المرافعات،إستخدامات التكامل الوظيفي في قانون المرافعات،الأهداف المراد التوصل إليها من التكامل الوظيفي،النتائج المتولدة من قيام التكامل الوظيفي الإجرائي،دور المشرع الإجرائي والقاضي والخصوم إزاء التكامل الوظيفي،فكرة العمل الإجرائي الموازي ودورها في قانون المرافعات | ||
| 653 | _aقانون المرافعات | ||
| 942 | _cكتاب | ||
| 999 |
_c42970 _d42970 |
||